Účtovná závierka ako súčasť výročnej správy obce

Pojem účtovná závierka a výročná správa. Osobitosti výročných správ v obciach. Povinnosti samosprávy spojené s výročnou správou. Zverejňovanie účtovných závierok, výročných správ a správ audítora v obciach.

Salvato in:
Dettagli Bibliografici
Autore principale: Mihaliková, Eva
Natura: Capitolo di libro
Lingua:slovacco
Soggetti:
Tags: Aggiungi Tag
Nessun Tag, puoi essere il primo ad aggiungerne!!

MARC

LEADER 00000nla a2200000 4500
001 0246101
005 20240417075141.3
041 0 |a slo 
044 |a SK 
245 1 0 |a Účtovná závierka ako súčasť výročnej správy obce  |c Eva Mihaliková 
520 |a Pojem účtovná závierka a výročná správa. Osobitosti výročných správ v obciach. Povinnosti samosprávy spojené s výročnou správou. Zverejňovanie účtovných závierok, výročných správ a správ audítora v obciach. 
610 2 0 |a obce 
610 2 0 |a samospráva 
610 2 0 |a závierka účtovná 
610 2 0 |a správy výročné 
610 2 0 |a audit 
100 1 |a Mihaliková, Eva